000 00725nam a2200241 a 4500
001 65920
003 BD-RjUL
005 20211209081501.0
008 170313s2011 ii ||||| |||| 001 0 eng d
020 _a9788120332003
035 _a(BD-RjUL)66050
040 _aBD-RjUL
_beng
_cBD-RjUL
_dBD-RjUL
041 _aeng
082 _223
_a004.22
_bRAC 2011
100 _aRajaraman, V
_9194937
245 1 0 _aComputer organization and architecture /
_cV Rajaraman; T Radhakrishnan
260 _aNew Delhi :
_bPrentic-Hall of India Pvt. Ltd.,
_cc2011
300 _axiii, 493 p. ;
_bill, ;
_c24 cm.
500 _aInclude index
650 _aComputer architecture.
_9194938
700 _aRadhakrishnan, T
_9194939
942 _2ddc
_cBK
999 _c65920
_d65920